Obras completas III
Gorde:
| Egile nagusia: | |
|---|---|
| Formatua: | Liburua |
| Hizkuntza: | Undetermined |
| Argitaratua: |
México, Distrito Federal
Fondo de Cultura Económica
1955
|
| Gaiak: | |
| Etiketak: |
Etiketa erantsi
Etiketarik gabe, Izan zaitez lehena erregistro honi etiketa jartzen!
|
MARC
| LEADER | 00000nam a2200000Ia 4500 | ||
|---|---|---|---|
| 008 | 170316s9999 xx 000 0 und d | ||
| 040 | |a cru BVZT | ||
| 090 | |a 860 C-47o | ||
| 100 | |a Cruz, Sor Juana Inés de la | ||
| 245 | |a Obras completas III | ||
| 260 | |a México, Distrito Federal | ||
| 260 | |b Fondo de Cultura Económica | ||
| 260 | |c 1955 | ||
| 300 | |a 739 páginas | ||
| 650 | |a LITERATURA LATINOAMERICANA | ||
| 999 | |c 8558 |d 8558 | ||
| 942 | |c 15 D |h 860 C-47o |2 z | ||
